| 000 | 00443cam a22001457a 4500 | ||
|---|---|---|---|
| 008 | 180718b1986 xxu||||| |||| 00| 0 eng d | ||
| 082 | _aB262x54 Si64s | ||
| 245 |
_aStruggle for free Hindustan: Ghadr movement _cedited by Bhai Nahar Singh and Kirpal Singh |
||
| 260 |
_aNew Delhi _bAtlantic _c1986 |
||
| 300 | _av | ||
| 500 | _aContents: v.1. 1986, 330p. | ||
| 650 | _aGhadr movement. | ||
| 700 | _aSingh, Kirpal | ||
| 700 | _aSingh, Bhai Nahar | ||
| 999 |
_c353051 _d353051 |
||